[Event "TUR Cup"]
[Site "Antalya"]
[Date "2020.01.26"]
[Round "1"]
[White "Koc, Yasar Dogu"]
[Black "Hazinedaroglu, Gokay"]
[Result "0-1"]
[WhiteElo "1063"]
[BlackElo "1510"]
[PlyCount "60"]
[EventDate "2020.01.26"]
[EventType "swiss"]
[EventRounds "11"]
[EventCountry "TUR"]
[SourceTitle "CBM 194 Extra"]
[Source "ChessBase"]
[SourceDate "2020.03.31"]
[SourceVersion "1"]
[SourceVersionDate "2020.03.31"]
[SourceQuality "1"]

1. d4 Nf6 2. c4 g6 3. Nc3 Bg7 4. e4 d6 5. Be3 0-0 6. Qd2 e5 7. d5 Ng4 8. Bg5 f6 9. h3 Nxf2 10. Qxf2 fxg5 11. Qe2 a5 12. 0-0-0 Na6 13. Qd2 Bh6 14. Kb1 Kg7 15. g4 Nc5 16. Bg2 Bd7 17. Nf3 Rf4 18. Qe3 Qe7 19. Rdg1 Raf8 20. a3 Kg8 21. b4 axb4 22. axb4 Nb3 23. Ne2 Rxf3 24. Bxf3 Rxf3 25. Qa7 Nd4 26. Nxd4 exd4 27. b5 Qxe4+ 28. Ka1 Bg7 29. Qa8+ Rf8 30. Qxb7 Qc2 0-1